<?xml version="1.0" encoding="UTF-8"?>
<record
    xmlns:xsi="http://www.w3.org/2001/XMLSchema-instance"
    xsi:schemaLocation="http://www.loc.gov/MARC21/slim http://www.loc.gov/standards/marcxml/schema/MARC21slim.xsd"
    xmlns="http://www.loc.gov/MARC21/slim">

  <leader>02070nam0a22002891  4500</leader>
  <controlfield tag="001">rc\4330152</controlfield>
  <controlfield tag="005">20260408071113.0</controlfield>
  <datafield tag="035" ind1=" " ind2=" ">
    <subfield code="a">(NLR Aleph) 008213485</subfield>
  </datafield>
  <datafield tag="090" ind1=" " ind2=" ">
    <subfield code="a">8111215</subfield>
    <subfield code="c">8111215</subfield>
  </datafield>
  <datafield tag="100" ind1=" " ind2=" ">
    <subfield code="a">20130416g19681984|||y0rusy50      ca</subfield>
  </datafield>
  <datafield tag="101" ind1="0" ind2=" ">
    <subfield code="a">rus</subfield>
  </datafield>
  <datafield tag="102" ind1=" " ind2=" ">
    <subfield code="a">RU</subfield>
  </datafield>
  <datafield tag="105" ind1=" " ind2=" ">
    <subfield code="a">y g |||||</subfield>
  </datafield>
  <datafield tag="200" ind1="1" ind2=" ">
    <subfield code="a">&#x421;&#x43F;&#x440;&#x430;&#x432;&#x43E;&#x447;&#x43D;&#x438;&#x43A; &#x413;&#x43E;&#x441;&#x443;&#x434;&#x430;&#x440;&#x441;&#x442;&#x432;&#x435;&#x43D;&#x43D;&#x43E;&#x433;&#x43E; &#x444;&#x43E;&#x43D;&#x434;&#x430; &#x434;&#x430;&#x43D;&#x43D;&#x44B;&#x445; &#x43E; &#x441;&#x43E;&#x441;&#x442;&#x43E;&#x44F;&#x43D;&#x438;&#x438; &#x43E;&#x43A;&#x440;&#x443;&#x436;&#x430;&#x44E;&#x449;&#x435;&#x439; &#x43F;&#x440;&#x438;&#x440;&#x43E;&#x434;&#x43D;&#x43E;&#x439; &#x441;&#x440;&#x435;&#x434;&#x44B;</subfield>
    <subfield code="h">&#x447;. 3</subfield>
    <subfield code="i">&#x413;&#x438;&#x434;&#x440;&#x43E;&#x43B;&#x43E;&#x433;&#x438;&#x44F; &#x441;&#x443;&#x448;&#x438;</subfield>
    <subfield code="h">&#x442;. 1</subfield>
    <subfield code="i">&#x420;&#x421;&#x424;&#x421;&#x420;</subfield>
    <subfield code="h">&#x432;&#x44B;&#x43F;. 17</subfield>
    <subfield code="i">&#x411;&#x430;&#x441;&#x441;&#x435;&#x439;&#x43D; &#x41A;&#x43E;&#x43B;&#x44B;&#x43C;&#x44B; &#x438; &#x440;&#x435;&#x43A; &#x41C;&#x430;&#x433;&#x430;&#x434;&#x430;&#x43D;&#x441;&#x43A;&#x43E;&#x439; &#x43E;&#x431;&#x43B;&#x430;&#x441;&#x442;&#x438;</subfield>
    <subfield code="f">&#x413;&#x43E;&#x441;. &#x43A;&#x43E;&#x43C;. &#x421;&#x421;&#x421;&#x420; &#x43F;&#x43E; &#x433;&#x438;&#x434;&#x440;&#x43E;&#x43C;&#x435;&#x442;&#x435;&#x43E;&#x440;&#x43E;&#x43B;&#x43E;&#x433;&#x438;&#x438; &#x438; &#x43A;&#x43E;&#x43D;&#x442;&#x440;&#x43E;&#x43B;&#x44E; &#x43F;&#x440;&#x438;&#x440;&#x43E;&#x434;. &#x441;&#x440;&#x435;&#x434;&#x44B;, &#x41A;&#x43E;&#x43B;&#x44B;&#x43C;. &#x442;&#x435;&#x440;&#x440;&#x438;&#x442;. &#x443;&#x43F;&#x440;. &#x43F;&#x43E; &#x433;&#x438;&#x434;&#x440;&#x43E;&#x43C;&#x435;&#x442;&#x435;&#x43E;&#x440;&#x43E;&#x43B;&#x43E;&#x433;&#x438;&#x438; &#x438; &#x43A;&#x43E;&#x43D;&#x442;&#x440;&#x43E;&#x43B;&#x44E; &#x43F;&#x440;&#x438;&#x440;&#x43E;&#x434;. &#x441;&#x440;&#x435;&#x434;&#x44B;, &#x413;&#x438;&#x434;&#x440;&#x43E;&#x43C;&#x435;&#x442;&#x435;&#x43E;&#x440;&#x43E;&#x43B;. &#x446;&#x435;&#x43D;&#x442;&#x440;</subfield>
  </datafield>
  <datafield tag="210" ind1=" " ind2=" ">
    <subfield code="a">&#x41C;&#x430;&#x433;&#x430;&#x434;&#x430;&#x43D;</subfield>
    <subfield code="d">1968-1984</subfield>
  </datafield>
  <datafield tag="300" ind1=" " ind2=" ">
    <subfield code="a">&#x412; &#x43D;&#x430;&#x434;&#x437;&#x430;&#x433;. &#x442;&#x430;&#x43A;&#x436;&#x435;: &#x413;&#x43E;&#x441;. &#x43A;&#x43E;&#x43C;. &#x421;&#x421;&#x421;&#x420; &#x43F;&#x43E; &#x433;&#x438;&#x434;&#x440;&#x43E;&#x43C;&#x435;&#x442;&#x435;&#x43E;&#x440;&#x43E;&#x43B;&#x43E;&#x433;&#x438;&#x438; &#x438; &#x43A;&#x43E;&#x43D;&#x442;&#x440;&#x43E;&#x43B;&#x44E; &#x43F;&#x440;&#x438;&#x440;&#x43E;&#x434;. &#x441;&#x440;&#x435;&#x434;&#x44B;</subfield>
  </datafield>
  <datafield tag="545" ind1="1" ind2=" ">
    <subfield code="a">&#x413;&#x438;&#x434;&#x440;&#x43E;&#x43B;&#x43E;&#x433;&#x438;&#x44F; &#x441;&#x443;&#x448;&#x438;</subfield>
  </datafield>
  <datafield tag="710" ind1="0" ind2="2">
    <subfield code="a">&#x413;&#x43E;&#x441;&#x443;&#x434;&#x430;&#x440;&#x441;&#x442;&#x432;&#x435;&#x43D;&#x43D;&#x44B;&#x439; &#x444;&#x43E;&#x43D;&#x434; &#x434;&#x430;&#x43D;&#x43D;&#x44B;&#x445; &#x43E; &#x441;&#x43E;&#x441;&#x442;&#x43E;&#x44F;&#x43D;&#x438;&#x438; &#x43E;&#x43A;&#x440;&#x443;&#x436;&#x430;&#x44E;&#x449;&#x435;&#x439; &#x43F;&#x440;&#x438;&#x440;&#x43E;&#x434;&#x43D;&#x43E;&#x439; &#x441;&#x440;&#x435;&#x434;&#x44B;</subfield>
    <subfield code="c">&#x41C;&#x43E;&#x441;&#x43A;&#x432;&#x430;</subfield>
    <subfield code="3">RU\NLR\AUTH\887712</subfield>
    <subfield code="9">287616</subfield>
  </datafield>
  <datafield tag="711" ind1="0" ind2="1">
    <subfield code="a">&#x421;&#x421;&#x421;&#x420;</subfield>
    <subfield code="b">&#x41A;&#x43E;&#x43C;&#x438;&#x442;&#x435;&#x442; &#x43F;&#x43E; &#x433;&#x438;&#x434;&#x440;&#x43E;&#x43C;&#x435;&#x442;&#x435;&#x43E;&#x440;&#x43E;&#x43B;&#x43E;&#x433;&#x438;&#x438; &#x438; &#x43A;&#x43E;&#x43D;&#x442;&#x440;&#x43E;&#x43B;&#x44E; &#x43F;&#x440;&#x438;&#x440;&#x43E;&#x434;&#x43D;&#x43E;&#x439; &#x441;&#x440;&#x435;&#x434;&#x44B;</subfield>
    <subfield code="3">RU\NLR\AUTH\8810048754</subfield>
    <subfield code="9">597587</subfield>
  </datafield>
  <datafield tag="712" ind1="0" ind2="2">
    <subfield code="4">650</subfield>
    <subfield code="a">&#x41A;&#x43E;&#x43B;&#x44B;&#x43C;&#x441;&#x43A;&#x43E;&#x435; &#x442;&#x435;&#x440;&#x440;&#x438;&#x442;&#x43E;&#x440;&#x438;&#x430;&#x43B;&#x44C;&#x43D;&#x43E;&#x435; &#x443;&#x43F;&#x440;&#x430;&#x432;&#x43B;&#x435;&#x43D;&#x438;&#x435; &#x43F;&#x43E; &#x433;&#x438;&#x434;&#x440;&#x43E;&#x43C;&#x435;&#x442;&#x435;&#x43E;&#x440;&#x43E;&#x43B;&#x43E;&#x433;&#x438;&#x438; &#x438; &#x43A;&#x43E;&#x43D;&#x442;&#x440;&#x43E;&#x43B;&#x44E; &#x43F;&#x440;&#x438;&#x440;&#x43E;&#x434;&#x43D;&#x43E;&#x439; &#x441;&#x440;&#x435;&#x434;&#x44B;</subfield>
    <subfield code="3">RU\NLR\AUTH\8810197187</subfield>
    <subfield code="9">283409</subfield>
  </datafield>
  <datafield tag="801" ind1=" " ind2="0">
    <subfield code="a">RU</subfield>
    <subfield code="b">NLR</subfield>
    <subfield code="c">20130416</subfield>
    <subfield code="g">psbo</subfield>
  </datafield>
  <datafield tag="801" ind1=" " ind2="1">
    <subfield code="a">RU</subfield>
    <subfield code="b">ELAR</subfield>
    <subfield code="c">20130416</subfield>
    <subfield code="2">rusmarc</subfield>
  </datafield>
  <datafield tag="801" ind1=" " ind2="2">
    <subfield code="a">RU</subfield>
    <subfield code="b">NLR</subfield>
    <subfield code="c">20140414</subfield>
    <subfield code="2">rusmarc</subfield>
  </datafield>
  <datafield tag="830" ind1=" " ind2=" ">
    <subfield code="a">&#x41F;&#x435;&#x440;&#x435;&#x447;&#x435;&#x43D;&#x44C; &#x438;&#x43C;&#x435;&#x44E;&#x449;&#x438;&#x445;&#x441;&#x44F; &#x432; &#x431;&#x438;&#x431;&#x43B;&#x438;&#x43E;&#x442;&#x435;&#x43A;&#x435; &#x442;&#x43E;&#x43C;&#x43E;&#x432;, &#x43D;&#x43E;&#x43C;&#x435;&#x440;&#x43E;&#x432;, &#x433;&#x43E;&#x434;&#x43E;&#x432; &#x44D;&#x442;&#x43E;&#x433;&#x43E; &#x438;&#x437;&#x434;&#x430;&#x43D;&#x438;&#x44F; &#x441;&#x43C;&#x43E;&#x442;&#x440;&#x438; &#x432; &#x43A;&#x430;&#x442;&#x430;&#x43B;&#x43E;&#x433;&#x435; &#x43F;&#x435;&#x440;&#x438;&#x43E;&#x434;&#x438;&#x447;&#x435;&#x441;&#x43A;&#x438;&#x445; &#x438;&#x437;&#x434;&#x430;&#x43D;&#x438;&#x439;</subfield>
  </datafield>
  <datafield tag="852" ind1=" " ind2=" ">
    <subfield code="a">NLR</subfield>
    <subfield code="j">&#x41F;8/901</subfield>
  </datafield>
  <datafield tag="942" ind1=" " ind2=" ">
    <subfield code="c">BOOK</subfield>
  </datafield>
  <datafield tag="980" ind1=" " ind2=" ">
    <subfield code="a">NB</subfield>
  </datafield>
  <datafield tag="995" ind1=" " ind2=" ">
    <subfield code="5">2013-10-26</subfield>
    <subfield code="b">NLR01</subfield>
    <subfield code="c">NLR01</subfield>
    <subfield code="e">RJF</subfield>
    <subfield code="f">8213485-10</subfield>
    <subfield code="k">&#x41F;8/901</subfield>
    <subfield code="o">0</subfield>
    <subfield code="r">BOOK</subfield>
    <subfield code="s">8901_</subfield>
  </datafield>
</record>
